000 00252nam a2200109Ia 4500
008 220204s9999 xx 000 0 und d
082 _a82-3
_bTOB
100 _aTobias, Andrew
245 0 _aFire and ice
260 _aNew York
_bWarner
_c1976
942 _cBK
999 _c29992
_d29992